Информационные технологии, компьютерное моделирование и технические средства обучения и тренировки в сфере физической культуры и спорта (Запись № 11728296)

Подробности
000 -МАРКЕР
контрольное поле 03154nam0a2200361 i 4500
001 - ИДЕНТИФИКАТОР ЗАПИСИ
контрольное поле RU\NLR\BIBL_A\011446103
005 - ИДЕНТИФИКАТОР ВЕРСИИ
контрольное поле 20240921135942.0
010 ## - МЕЖДУНАРОДНЫЙ СТАНДАРТНЫЙ НОМЕР КНИГИ (ISBN)
Номер (ISBN) 9785000630105
Тираж 300
021 ## - НОМЕР ГОСУДАРСТВЕННОЙ РЕГИСТРАЦИИ
Код страны Российская Федерация
Номер 2017-48598
Номер Листа государственной регистраци 3485
035 ## - ДРУГИЕ СИСТЕМНЫЕ НОМЕРА
Идентификатор записи (RuMoRGB)008928907
035 ## - ДРУГИЕ СИСТЕМНЫЕ НОМЕРА
Идентификатор записи (NLR Aleph) 011446103
100 ## - ДАННЫЕ ОБЩЕЙ ОБРАБОТКИ
Данные общей обработки 20170728d2016 km y0rusy50 ca
101 0# - ЯЗЫК РЕСУРСА
Язык текста, звукозаписи и т.д. русский
102 ## - СТРАНА ПУБЛИКАЦИИ ИЛИ ПРОИЗВОДСТВА
Страна публикации Российская Федерация
105 ## - ПОЛЕ КОДИРОВАННЫХ ДАННЫХ: ТЕКСТОВЫЕ МАТЕРИАЛЫ, МОНОГРАФИЧЕСКИЕ
Кодированные данные о монографическом текстовом документе a|||z|||000zy
200 1# - ЗАГЛАВИЕ И СВЕДЕНИЯ ОБ ОТВЕТСТВЕННОСТИ
Основное заглавие Информационные технологии, компьютерное моделирование и технические средства обучения и тренировки в сфере физической культуры и спорта
Сведения, относящиеся к заглавию материалы IV всероссийской научно-практической конференции, 9-11 декабря 2015 г.
Первые сведения об ответственности [редакторы-составители: к.п.н., доц. Хасин Л. А., Аткишкина Т. Д.]
210 ## - ПУБЛИКАЦИЯ, РАСПРОСТРАНЕНИЕ И ДР.
Место издания, распространения и т.д. Малаховка
Имя издателя, распространителя и т. д. Московская государственная академия физической культуры
Дата издания, распространения и т.д. 2016
215 ## - ФИЗИЧЕСКАЯ ХАРАКТЕРИСТИКА
Специфическое обозначение материала и объем 236 с.
Другие сведения о физической характеристике ил., табл.
Размеры 21
300 ## - ОБЩИЕ ПРИМЕЧАНИЯ
Текст примечания В надзаг.: Министерство спорта Российской Федерации, ФГБОУ ВО "Московская государственная академия физической культуры" (МГАФК), Научно-исследовательский институт информационных технологий Московской государственной академии физической культуры (НИИТ МГАФК)
300 ## - ОБЩИЕ ПРИМЕЧАНИЯ
Текст примечания На обл.: Научно-исследовательскому институту информационных технологий Московской государственной академии физической культуры (НИИТ МГАФК - 20 лет)
320 ## - ПРИМЕЧАНИЯ О НАЛИЧИИ В ДОКУМЕНТЕ БИБЛИОГРАФИИ / УКАЗАТЕЛЯ
Текст примечания Библиогр. в конце ст.
606 1# - НАИМЕНОВАНИЕ ТЕМЫ КАК ПРЕДМЕТ
Наименование темы Физическая культура и спорт
Формальный подзаголовок Съезды, совещания и т.п
Тематический подзаголовок Информационные технологии
Системный номер авторитетной/нормативной записи 2113807
Идентификатор авторитетной/нормативной записи RU\NLR\AUTH\661580715
606 1# - НАИМЕНОВАНИЕ ТЕМЫ КАК ПРЕДМЕТ
Наименование темы Физическая культура и спорт
Формальный подзаголовок Съезды, совещания и т.п
Тематический подзаголовок Использование технических средств
Системный номер авторитетной/нормативной записи 1844945
Идентификатор авторитетной/нормативной записи RU\NLR\AUTH\661126970
686 1# - ИНДЕКСЫ ДРУГИХ КЛАССИФИКАЦИЙ
Индекс Ч51в612я431
686 1# - ИНДЕКСЫ ДРУГИХ КЛАССИФИКАЦИЙ
Индекс Ч51с.я431
702 #1 - ИМЯ ЛИЦА - ВТОРИЧНАЯ ОТВЕТСТВЕННОСТЬ
Начальный элемент ввода Хасин
Часть имени, кроме начального элемента ввода Л. А.
Расширение инициалов личного имени Леонид Александрович
Код отношения Редактор
-- Составитель
711 12 - НАИМЕНОВАНИЕ ОРГАНИЗАЦИИ - АЛЬТЕРНАТИВНАЯ ОТВЕТСТВЕННОСТЬ
Начальный элемент ввода "Информационные технологии, компьютерное моделирование и технические средства обучения и тренировки в сфере физической культуры и спорта", всероссийская научно-практическая конференция
Порядковый номер временной организации и / или порядковый номер ее части 4
Место проведения временной организации пос. Малаховка, Московская обл.
Дата проведения временной организации 2015
Системный номер авторитетной/нормативной записи 564737
Идентификатор авторитетной/нормативной записи RU\NLR\AUTH\880450569
942 ## - ДОПОЛНИТЕЛЬНЫЕ ЭЛЕМЕНТЫ ЗАПИСИ (АБИС)
Тип экземпляра АБИС Книга
980 ## - КОЛЛЕКЦИЯ
Название коллекции НБР

Нет доступных экземпляров.